| 000 | 01503nam a2200385Ia 4500 | ||
|---|---|---|---|
| 001 | ebr10688064 | ||
| 003 | CaPaEBR | ||
| 006 | m u | ||
| 007 | cr cn||||||||| | ||
| 008 | 080726s2008 njuac sb 011 0 eng d | ||
| 010 | _z 2008033323 | ||
| 020 | _z9789812834430 (hardcover : alk. paper) | ||
| 020 | _z9812834435 (hardcover : alk. paper) | ||
| 020 | _z9789812834447 | ||
| 040 |
_aCaPaEBR _cCaPaEBR |
||
| 035 | _a(OCoLC)696629363 | ||
| 050 | 1 | 4 |
_aQA300 _b.T67 2008eb |
| 082 | 0 | 4 |
_a515 _222 |
| 245 | 0 | 0 |
_aTopics in classical analysis and applications in honor of Daniel Waterman _h[electronic resource] / _ceditors, Laura De Carli, Kazaros Kazarian, Mario Milman. |
| 260 |
_aHackensack, N.J. : _bWorld Scientific, _cc2008. |
||
| 300 |
_aviii, 193 p. : _bill., port. |
||
| 504 | _aIncludes bibliographical references and index. | ||
| 533 |
_aElectronic reproduction. _bPalo Alto, Calif. : _cebrary, _d2013. _nAvailable via World Wide Web. _nAccess may be limited to ebrary affiliated libraries. |
||
| 650 | 0 | _aMathematical analysis. | |
| 650 | 0 | _aFunctional analysis. | |
| 650 | 0 | _aFourier series. | |
| 650 | 0 | _aOrthogonal polynomials. | |
| 655 | 7 |
_aElectronic books. _2local |
|
| 700 | 1 |
_aDe Carli, Laura, _d1962- |
|
| 700 | 1 | _aKazarian, Kazaros. | |
| 700 | 1 | _aMilman, Mario. | |
| 700 | 1 | _aWaterman, Daniel. | |
| 710 | 2 | _aebrary, Inc. | |
| 856 | 4 | 0 |
_uhttp://site.ebrary.com/lib/rucke/Doc?id=10688064 _zAn electronic book accessible through the World Wide Web; click to view |
| 999 |
_c29781 _d29781 |
||